000
00253nam a2200109Ia 4500
008
240625s9999 xx 000 0 und d
041
_a
eng
082
_a
005.54 HAR
100
_a
HARVEY GREG
245
_a
MICROSOFT EXCEL 2013 FOR DUMMIES
260
_c
2013
999
_c
35089
_d
35089